Ekonomická diferenciácia v poľnohospodárstve a možnosti jej riešenia

Enregistré dans:
Détails bibliographiques
Auteur principal: Klimo, Ľubomír
Format: Livre
Langue:slovaque
Publié: Bratislava Príroda 1989
Édition:1. vyd.
Collection:Ekonomika poľnohospodárstva
Tags: Ajouter un tag
Pas de tags, Soyez le premier à ajouter un tag!

MARC

LEADER 00000nam a2200000 4500
001 c029450
005 20250219092734.4
041 0 |a slo 
044 |a SK 
245 1 0 |a Ekonomická diferenciácia v poľnohospodárstve a možnosti jej riešenia  |c Ľubomír Klimo 
250 |a 1. vyd. 
264 1 |a Bratislava  |b Príroda  |c 1989 
300 |a 164 s. 
490 1 |a Ekonomika poľnohospodárstva 
830 0 |a Ekonomika poľnohospodárstva 
100 1 |a Klimo, Ľubomír